| 000 | 01662nam a2200301 a 4500 | ||
|---|---|---|---|
| 001 | ASIN0143030000 | ||
| 005 | 20170105102935.0 | ||
| 008 | 151014s2003 xxu eng d | ||
| 020 | _a0143030000 (paperback) | ||
| 020 | _a9780143030003 (paperback) | ||
| 040 | _a0 | ||
| 050 | 0 | 4 | _aP120.P64 |
| 082 | 0 | 4 |
_a415 _bCHO 2003 |
| 100 | 1 | _aChomsky, Noam. | |
| 245 | 1 | 0 |
_aOn language / _cNoam Chomsky. |
| 260 |
_a[S.l.] : _bPenguin Books India Pvt Ltd, _c2003. |
||
| 300 |
_a269 p. ; _c22 cm. |
||
| 520 | _aChomskys classic works language and responsibility and responsibility on language in one volume on language restores to print two of chomskys most famous and popular books in one omnibus editionlanguage and responsibility and reflections on language in language and responsibility, chomsky presents a fascinating self-portrait of his political, moral and linguistic thinking in reflections on language, he explores the more general implications of the study of language and offers incisive analyses of the controversies among psychologists, philosophers and linguists over fundamental questions of language featuring some of the noted linguist and political critics most informal and highly accessible work, this book is an ideal introduction to his thought. | ||
| 650 | 0 | _aChomsky, Noam | |
| 650 | 0 | _aGenerative grammar | |
| 650 | 0 | _aGrammar, Comparative and general | |
| 650 | 0 | _aLanguage and languages | |
| 650 | 0 | _aLanguage and languages--Political aspects | |
| 650 | 0 | _aLinguistics | |
| 650 | 0 | _aPolitical and social views | |
| 856 | 4 | 0 |
_3Amazon.com _uhttp://www.amazon.com/exec/obidos/ASIN/0143030000/chopaconline-20 |
| 942 |
_2ddc _cBK |
||
| 999 |
_c16240 _d16240 |
||